Statistics for Historical Dates

Click here to take the quiz!

General Stats

  • This quiz has been taken 152 times
  • The average score is 5 of 15

Answer Stats

EventYear% Correct
The Russian Revolution.1917
89%
The Battle of Stamford Bridge.1066
44%
The Battle of Agincourt.1415
37%
The end of the Ottoman Empire.1922
36%
The Hundred Years' War begins.1337
34%
The Hundred Years' War ends.1453
34%
The Thirty Years' War begins.1618
31%
The Seven Years' War begins.1756
29%
The Reconquista ends with the defeat of the Emirate of Granada.1492
24%
The death of Henry V of England.1422
21%
Henry IV, the first English King from the House of Lancaster, becomes King of England.1399
19%
The Eighty Years' ends.1648
18%
The Third Crusade starts.1189
15%
The death of Gustavus Adolphus, King of Sweden, known as "The Lion of the North".1632
13%
The founding of the Holy Roman Empire.962
6%

Score Distribution

Percentile by Number Answered

Percent of People with Each Score

Your Score History

You have not taken this quiz